000 00782cab a2200205 4500
001 X90603
008 090401t1998 xxu||||| |||| 00| 0 eng d
035 _a(Sirsi) u85071
041 _aeng
245 _aLondon Borough of Southwark v Mills and another
260 _c1998
350 _a0
490 _aNew Property Cases
_v[1998] NPC 34
520 _aChD 6 March 1998. A landlord is required to soundproof a residential house to modern standards of soundproofing under his covenant for quiet enjoyment. The judge at first instance simply follows recent Court of Appeal precedent. (Headnote taken from journal).
650 _aSOUND INSULATION
650 _aSOUNDPROOFING
690 _aLANDLORD AND TENANT-CASE LAW-RESIDENTIAL TENANCIES
942 _n0
948 _c19/03/1998
999 _c53488
_d53488